|
|
|
|
| LEADER |
00000cam a22000004a 4500 |
| 001 |
musev2_34829 |
| 003 |
MdBmJHUP |
| 005 |
20230905043651.0 |
| 006 |
m o d |
| 007 |
cr||||||||nn|n |
| 008 |
140923r20142014nr o 00 0 eng d |
| 020 |
|
|
|a 9789788431695
|
| 020 |
|
|
|z 9789788431442
|
| 035 |
|
|
|a (OCoLC)891404318
|
| 040 |
|
|
|a MdBmJHUP
|c MdBmJHUP
|
| 043 |
|
|
|a f-nr---
|
| 050 |
|
4 |
|a DT515.27.N54
|b I78 2014
|
| 082 |
0 |
|
|a 966.9
|
| 100 |
1 |
|
|a Irukwu, J. O.,
|e author.
|
| 245 |
1 |
0 |
|a Nigeria at 100: What Next? /
|c J.O. Irukwu.
|
| 264 |
|
1 |
|a Baltimore, Maryland :
|b Project Muse,
|c 2014
|
| 264 |
|
3 |
|a Baltimore, Md. :
|b Project MUSE,
|c 2014
|
| 264 |
|
4 |
|c ©2014
|
| 300 |
|
|
|a 1 online resource (416 pages).
|
| 336 |
|
|
|a text
|b txt
|2 rdacontent
|
| 337 |
|
|
|a computer
|b c
|2 rdamedia
|
| 338 |
|
|
|a online resource
|b cr
|2 rdacarrier
|
| 500 |
|
|
|a Issued as part of book collections on Project MUSE.
|
| 504 |
|
|
|a Includes bibliographical references (pages 373-375) and index.
|
| 506 |
|
|
|a Access restricted to authorized users and institutions.
|
| 520 |
|
|
|a Nigeria at 100 is an attempt to document in modest and constructive language Nigeria''s journey as a modern nation in the past 100 years, highlighting the landmark events during this period. the book is divided into four parts with a total of 22 chapters. The first part, with seven chapters deals with the historical background starting with the early history and covering the pre-colonial years, independence and the challenges of nationhood, military intervention in politics and governance, the civil war, the return to democracy and the continuing challenges of development.
|
| 588 |
|
|
|a Description based on print version record.
|
| 651 |
|
0 |
|a Nigeria
|x History.
|
| 651 |
|
0 |
|a Nigeria
|x Politics and government.
|
| 655 |
|
7 |
|a Electronic books.
|2 local
|
| 710 |
2 |
|
|a Project Muse,
|e distributor.
|
| 776 |
1 |
8 |
|i Print version:
|z 9789788431442
|
| 710 |
2 |
|
|a Project Muse.
|e distributor
|
| 830 |
|
0 |
|a Book collections on Project MUSE.
|
| 856 |
4 |
0 |
|z Texto completo
|u https://projectmuse.uam.elogim.com/book/34829/
|
| 945 |
|
|
|a Project MUSE - Custom Collection
|
| 945 |
|
|
|a Project MUSE - 2014 Political Science and Policy Studies
|
| 945 |
|
|
|a Project MUSE - 2014 Complete
|